[Event "Flims op 9th"]
[Site "Flims"]
[Date "2020.10.09"]
[Round "1"]
[White "Stark, Jeremias"]
[Black "Joller, Hans"]
[Result "1/2-1/2"]
[WhiteElo "1353"]
[BlackElo "1783"]
[PlyCount "107"]
[EventDate "2020.10.09"]
[EventType "swiss"]
[EventRounds "5"]
[EventCountry "SUI"]
[SourceTitle "CBM 198 Extra"]
[Source "ChessBase"]
[SourceDate "2020.11.30"]
[SourceVersion "1"]
[SourceVersionDate "2020.11.30"]
[SourceQuality "1"]

1. e4 e5 2. Nf3 d5 3. d3 dxe4 4. Nxe5 Bd6 5. Nc4 Nf6 6. Nc3 0-0 7. Be2 exd3 8. Qxd3 Nc6 9. Nxd6 cxd6 10. 0-0 Ne5 11. Qg3 Bf5 12. Bf4 Re8 13. Rac1 Rc8 14. Rfd1 a6 15. Bg5 Re6 16. Nd5 Ng6 17. Bxf6 gxf6 18. Bd3 Re5 19. Bxf5 Rxf5 20. Ne3 Re5 21. Qf3 Qd7 22. Qxf6 Re6 23. Qf5 Kh8 24. c3 Rg8 25. g3 Ne7 26. Qxf7 Rg7 27. Qf8+ Ng8 28. Qf4 Rf6 29. Qd4 Qh3 30. Qd5 Ne7 31. Qg2 Qh5 32. Qxb7 Rgf7 33. Rf1 Qe2 34. Rc2 Qxe3 35. fxe3 Rxf1+ 36. Kg2 Re1 37. Qb8+ Kg7 38. Qxd6 Nf5 39. Qe5+ Rf6 40. Qc7+ Kg6 41. Kf2 Rh1 42. Ke2 Rxh2+ 43. Kd3 Rxc2 44. Kxc2 Nxe3+ 45. Kb3 h5 46. c4 Kg5 47. Qe5+ Nf5 48. Kc3 Rf7 49. Qf4+ Kg6 50. g4 hxg4 51. Qxg4+ Kf6 52. Qf4 Rd7 53. b4 Ke6 54. c5 1/2-1/2